• 首页
  • 本馆介绍
  • 公告通知
  • 最新文献
  • 馆藏检索
  • 电子资源
  • 读者导购
  • 参考咨询
  • 我的图书馆
  • 登录
  • 详细信息显示
  • 放入我的书架
  • 预约/预借图书
  • 作者相关作品
  • 分类相关作品
  • 丛书相关作品
  • 出版社相关作品

书目信息

  • 表格格式
  • 工作单格式
  • 卡片格式
题名:
简明数学辞典
    
 
作者: 陈森林 主编
分册:  
出版信息: 武汉   湖北人民出版社  1984
页数: 617页
开本: 18cm
丛书名:
单 册:
中图分类: O1-61
科图分类:
主题词: 数学--词典
电子资源:
ISBN:
000 00670nam0 2200253 45
001 0184002469
005 20040923082632.0
010    @b精装@dCNY2.95
091    @a17106.60
100    @a19950703d1984 em y0chiy0121 ea
101 0  @achi
102    @aCN@b420000
105    @ay e 000yy
106    @ar
200 10 @a简明数学辞典@Ajian ming shu xue ci dian@f陈森林主编
210    @a武汉@c湖北人民出版社@d1984
215    @a617页@d18cm
517 1  @a数学辞典@Ashu xue ci dian
606    @a数学@x词典
690    @aO1-61@v3
701  0 @a陈森林@Achen sen lin@4主编
801  0 @aCN@b上海图书馆@c20040914
801  2 @aCN@bNLC@c20040914
905    @dO1-61@e110@f1@b147108
    
    简明数学辞典/陈森林主编.-武汉:湖北人民出版社,1984
    617页;18cm
    
    
    ISBN (精装):CNY2.95
    
●
相关链接 在E读中查询图书 在五车中查询图书 在当当中查询图书 在豆瓣中查询图书


正题名:简明数学辞典     索取号:O1-61/110         预约/预借

序号 登录号 条形码 馆藏地/架位号 状态 备注
1 0108768   000555786   工具书阅览室/ [索取号:O1-61/110] 在馆    
2 0108769   000555795   密集书库/ [索取号:O1-61/110] 在馆    
3 0108770   000555713   密集书库/ [索取号:O1-61/110] 在馆    
4 0108771   000555777   密集书库/ [索取号:O1-61/110] 在馆    
5 0108772   202091752   第二样本阅览室/ [索取号:O1-61/110] 在馆    
6 0147106   000555759   密集书库/ [索取号:O1-61/110] 在馆    
7 0147108   000555722   密集书库/ [索取号:O1-61/110] 在馆    
8 0147109   000555704   密集书库/ [索取号:O1-61/110] 在馆    
9 0147110   000555660   密集书库/ [索取号:O1-61/110] 在馆    
10 0147111   001956823   密集书库/ [索取号:O1-61/110] 在馆    
11 0147112   000555731   密集书库/ [索取号:O1-61/110] 在馆    
12 0147113   000555768   密集书库/ [索取号:O1-61/110] 在馆    
唐山师范学院图书馆 欢迎您!
大连网信软件有限公司© 版权所有